Devine le footballeur à partir des transferts #6 SPECIAL LEGENDES - Statistiques

Statistiques générales
  • Ce quiz a été pris 461 fois
  • Le résultat moyen est 5 sur 8
Statistiques - réponses
Par images Réponse % Correct
Paolo Maldini
91%
Johan Cruyff
88%
Eusébio
82%
Bobby Charlton
66%
George Best
57%
Kenny Dalglish
49%
Lothar Matthäus
31%
Sócrates
30%
Aucun quiz correspondant
Distribution des résultats
% des personnes avec chaque résultat
Percentile par nombre de réponses
Votre historique - résultats
Vous n’avez pas pris ce quiz